000 00663nam a22002177a 4500
003 UA-OsUOA
001 41969
007 ta
008 20061019b un ||||| |||| 00| 0 ukr d
100 _aКрупська Н.Е.
090 _a330(477)
_bК-11
942 _cSA
040 _aUA-OsUOA
_bukr
_cUA-OsUOA
_dUA-OsUOA
245 _aКредитоспроможність підприємства: поняття та напрями оцінки
300 _aС.11-12
955 _a0
041 _aukr
080 _a330(477)
773 0 _w41968
_tЕкономіка. Фінанси. Право.
_dК.
_d2006
_g9
650 7 _a330 Економіка взагалі
_2UDC
999 _c328101
_d328101